Juan Negrín (Record no. 178887)

MARC details
000 -LEADER
campo de control de longitud fija 01155nam a2200289 4500
001 - NÚMERO DE CONTROL
campo de control 178887
003 - IDENTIFICADOR DE NÚMERO DE CONTROL
campo de control ES-MaACL
005 - FECHA Y HORA DE LA ÚLTIMA TRANSACCIÓN
campo de control 20240129115654.0
008 - DATOS DE LONGITUD FIJA--INFORMACIÓN GENERAL
campo de control de longitud fija 110727s2008 sp bcfo |||| |bspa d
020 ## - NÚMERO INTERNACIONAL ESTÁNDAR DEL LIBRO
Número Internacional Estándar del Libro 978-84-8432-996-1
080 ## - NÚMERO DE LA CLASIFICACIÓN DECIMAL UNIVERSAL
Número de la Clasificación Decimal Universal 929 Negrín, Juan
080 ## - NÚMERO DE LA CLASIFICACIÓN DECIMAL UNIVERSAL
Número de la Clasificación Decimal Universal 94(460)"1931/39"
100 1# - ENTRADA PRINCIPAL--NOMBRE DE PERSONA
Nombre de persona Jackson, Gabriel,
Fechas asociadas al nombre 1921-2019
9 (RLIN) 65809
245 10 - MENCIÓN DEL TÍTULO
Título Juan Negrín
Resto del título : médico, socialista y jefe del gobierno de la II República española /
Mención de responsabilidad, etc. Gabriel Jackson ; traducción castellana de Marita Gomis y Gabriela Ellena Castellotti.
260 ## - PUBLICACIÓN, DISTRIBUCIÓN, ETC.
Lugar de publicación, distribución, etc. Barcelona :
Nombre del editor, distribuidor, etc. Crítica,
Fecha de publicación, distribución, etc. [2008]
300 ## - DESCRIPCIÓN FÍSICA
Extensión XI, 448 p., [11] p. de mapas, [16] p. de lám. fot. ;
Dimensiones 24 cm.
490 1# - MENCIÓN DE SERIE
Mención de serie Crítica contrastes
500 ## - NOTA GENERAL
Nota general Índice.
600 14 - PUNTO DE ACCESO ADICIONAL DE MATERIA--NOMBRE DE PERSONA
Nombre de persona Negrín, Juan,
Fechas asociadas al nombre 1892-1956-
Subdivisión general Biografías
9 (RLIN) 85308
651 #7 - PUNTO DE ACCESO ADICIONAL DE MATERIA--NOMBRE GEOGRÁFICO
Nombre geográfico España-
Subdivisión general Historia-
Subdivisión cronológica 1931-1939, II República.
9 (RLIN) 8283
700 1# - ENTRADA AGREGADA--NOMBRE PERSONAL
Nombre de persona Gomis Bertrand, María.
9 (RLIN) 147456
700 1# - ENTRADA AGREGADA--NOMBRE PERSONAL
Nombre de persona Castellotti, Gabriela Ellena.
9 (RLIN) 147457
830 0# - PUNTO DE ACCESO ADICIONAL DE SERIE-TÍTULO UNIFORME
Título uniforme Crítica contrastes
9 (RLIN) 180307
852 ## - LOCALIZACIÓN
Ubicación ES-MaACL
Número de control de estantería A-11383
itemnumber 185753
Sublocalización o colección R.145900
Ubicación en estantería Depósito 1
Signatura antigua Olim: N-4387
942 ## - ELEMENTOS DE ENTRADA SECUNDARIOS (KOHA)
Fuente del sistema de clasificación o colocación Clasificación decimal universal
Tipo de ítem Koha Libro impreso
Holdings
Estatus retirado Estado de pérdida Fuente del sistema de clasificación o colocación Estado de daño No para préstamo Biblioteca de origen Biblioteca actual Ubicación en estantería Fecha de adquisición Fuente de adquisición Total de préstamos Signatura topográfica completa Código de barras Visto por última vez Precio de reemplazo Tipo de ítem Koha
    Clasificación decimal universal     Biblioteca del Ateneo de Madrid Biblioteca del Ateneo de Madrid Depósito 1 27/07/2011 Compra   A-11383 1187907 23/02/2023 23/02/2023 Libro impreso